Normal view
MARC view
Entry Topical Term
001 - CONTROL NUMBER
- control field: 32795
003 - CONTROL NUMBER IDENTIFIER
- control field: OSt
005 - DATE AND TIME OF LATEST TRANSACTION
- control field: 20220912143209.0
008 - FIXED-LENGTH DATA ELEMENTS
- fixed length control field: 220912|| aca||aabn | a|a d
040 ## - CATALOGING SOURCE
- Original cataloging agency: OSt
- Transcribing agency: OSt
150 ## - HEADING--TOPICAL TERM
- Topical term or geographic name entry element: Judicial power - India
670 ## - SOURCE DATA FOUND
- Source citation: Work cat.: (OSt): Jai, Janak Raj 32793, Betrayal on appointments in judiciary: cry my mother cry, 2022
